[Event "Titled Tuesday intern op 1st Jan"]
[Site "Chess.com INT"]
[Date "2019.01.01"]
[Round "4"]
[White "Donchenko, Alexander"]
[Black "Perelshteyn, Mikhail"]
[Result "1-0"]
[WhiteElo "2604"]
[BlackElo "2386"]
[PlyCount "91"]
[EventDate "2019.01.01"]
[EventType "swiss (blitz)"]
[EventRounds "10"]
[EventCountry "USA"]
[SourceTitle "EXT 2021"]
[Source "ChessBase"]
[SourceDate "2020.10.23"]
[SourceVersion "1"]
[SourceVersionDate "2020.10.23"]
[SourceQuality "1"]

1. e4 c6 2. d4 d5 3. exd5 cxd5 4. Bd3 Nf6 5. c3 Nc6 6. Bf4 g6 7. Nd2 Bf5 8. Bxf5 gxf5 9. Ne2 e6 10. 0-0 Bd6 11. Nb3 Qc7 12. Bxd6 Qxd6 13. Nc5 b6 14. Nd3 h5 15. a4 h4 16. h3 Ne4 17. Re1 Rg8 18. Nef4 Rg5 19. f3 Ng3 20. b4 Rc8 21. a5 bxa5 22. b5 Ne7 23. Qd2 Rg7 24. Rxa5 Qc7 25. Ra3 Kf8 26. Rxe6 Ne4 27. fxe4 fxe4 28. Ne5 Rg3 29. Nh5 e3 30. Qd3 fxe6 31. Qh7 Nf5 32. Qh8+ Ke7 33. Qf6+ Kd6 34. Ra6+ Qb6 35. Nxg3 hxg3 36. Qf7 Ne7 37. Qf4 Rxc3 38. Nc4+ Kd7 39. Nxb6+ axb6 40. Qxg3 Rc1+ 41. Kh2 e2 42. Ra7+ Ke8 43. Qg5 Rh1+ 44. Kxh1 e1Q+ 45. Kh2 Nf5 46. Qg8# 1-0

[Event "Titled Tuesday intern op 1st Jan"]
[Site "Chess.com INT"]
[Date "2019.01.01"]
[Round "1"]
[White "Mitrabha, Guha"]
[Black "Perelshteyn, Mikhail"]
[Result "0-1"]
[WhiteElo "2371"]
[BlackElo "2386"]
[PlyCount "164"]
[EventDate "2019.01.01"]
[EventType "swiss (blitz)"]
[EventRounds "10"]
[EventCountry "USA"]
[SourceTitle "EXT 2021"]
[Source "ChessBase"]
[SourceDate "2020.10.23"]
[SourceVersion "1"]
[SourceVersionDate "2020.10.23"]
[SourceQuality "1"]

1. d4 Nf6 2. Nf3 g6 3. Nbd2 Bg7 4. e4 d6 5. Bb5+ c6 6. Bd3 0-0 7. 0-0 Bg4 8. h3 Bxf3 9. Nxf3 Qc7 10. e5 dxe5 11. dxe5 Nd5 12. Qe2 e6 13. c4 Nb6 14. h4 c5 15. h5 Nc6 16. Bf4 Rad8 17. h6 Bh8 18. Rfe1 Nd4 19. Nxd4 Rxd4 20. Bg3 Rfd8 21. Be4 Bxe5 22. Bh4 Re8 23. Bg5 Nxc4 24. b3 Nd6 25. Bxg6 Bh2+ 26. Kxh2 hxg6 27. Qe5 Nb5 28. Bf6 Qxe5+ 29. Rxe5 b6 30. h7+ Kxh7 31. Rh1 g5 32. Rxg5 Rh4+ 33. Kg1 Rxh1+ 34. Kxh1 Rg8 35. Re5 Kg6 36. Bh4 Rh8 37. g3 Nd4 38. Rg5+ Kh6 39. Kg2 Nf5 40. Rg4 Nxh4+ 41. Rxh4+ Kg7 42. Rg4+ Kf6 43. Rf4+ Ke7 44. Ra4 a5 45. Kf3 Kd6 46. Rf4 f5 47. Ke2 b5 48. a4 bxa4 49. Rxa4 Rb8 50. Rxa5 Rxb3 51. Ra6+ Kd5 52. Ra8 c4 53. Rc8 Kd4 54. Rd8+ Ke4 55. Rc8 Rb2+ 56. Ke1 Kd3 57. Rd8+ Kc3 58. Rd6 e5 59. Rd5 Kb4 60. Rxe5 c3 61. Kd1 Rxf2 62. Re8 Kc4 63. Rf8 Kd3 64. Rd8+ Ke3 65. Rc8 c2+ 66. Kc1 Kf3 67. Rc3+ Kg4 68. Rd3 Rf3 69. Rd4+ Kxg3 70. Kxc2 Re3 71. Rd8 f4 72. Rg8+ Kf2 73. Kd2 f3 74. Rh8 Re5 75. Rg8 Rd5+ 76. Kc2 Kf1 77. Rf8 f2 78. Rg8 Ke2 79. Re8+ Kf3 80. Rf8+ Ke3 81. Re8+ Kf4 82. Rf8+ Rf5 0-1

[Event "Titled Tuesday intern op 1st Jan"]
[Site "Chess.com INT"]
[Date "2019.01.01"]
[Round "10"]
[White "Pereira, Juliano Resende M"]
[Black "Perelshteyn, Mikhail"]
[Result "0-1"]
[WhiteElo "2215"]
[BlackElo "2386"]
[PlyCount "54"]
[EventDate "2019.01.01"]
[EventType "swiss (blitz)"]
[EventRounds "10"]
[EventCountry "USA"]
[SourceTitle "EXT 2021"]
[Source "ChessBase"]
[SourceDate "2020.10.23"]
[SourceVersion "1"]
[SourceVersionDate "2020.10.23"]
[SourceQuality "1"]

1. d4 Nf6 2. e3 g6 3. Nf3 Bg7 4. c4 0-0 5. Be2 d6 6. Nc3 Nc6 7. d5 Nb4 8. a3 Na6 9. e4 c5 10. Rb1 e6 11. 0-0 exd5 12. exd5 Bf5 13. Bd3 Qd7 14. h3 Rfe8 15. Bf4 Bxd3 16. Qxd3 Nc7 17. b4 Na6 18. Nb5 Ne4 19. Rfe1 f5 20. Ng5 cxb4 21. axb4 Nxg5 22. Bxg5 Nxb4 23. Rxe8+ Qxe8 24. Nc7 Nxd3 25. Nxe8 Rxe8 26. Rxb7 Ra8 27. Be3 a5 0-1

[Event "Titled Tuesday intern op 1st Jan"]
[Site "Chess.com INT"]
[Date "2019.01.01"]
[Round "6"]
[White "Perelshteyn, Mikhail"]
[Black "Avalyan, Artur"]
[Result "1-0"]
[WhiteElo "2386"]
[BlackElo "2347"]
[PlyCount "107"]
[EventDate "2019.01.01"]
[EventType "swiss (blitz)"]
[EventRounds "10"]
[EventCountry "USA"]
[SourceTitle "EXT 2021"]
[Source "ChessBase"]
[SourceDate "2020.10.23"]
[SourceVersion "1"]
[SourceVersionDate "2020.10.23"]
[SourceQuality "1"]

1. Nf3 d5 2. d4 Nf6 3. c3 Bg4 4. Qb3 Qc8 5. Ne5 Bd7 6. Bf4 e6 7. e3 Be7 8. Nd2 0-0 9. h3 c5 10. Be2 Nc6 11. 0-0 a6 12. a4 h6 13. Nxd7 Qxd7 14. Qd1 Bd6 15. Bxd6 Qxd6 16. Nf3 e5 17. dxe5 Nxe5 18. Nxe5 Qxe5 19. Bf3 Rad8 20. Qb3 Qc7 21. Rfd1 Rd6 22. Bxd5 Nxd5 23. Rxd5 c4 24. Qd1 Rfd8 25. Rd4 Qb6 26. Qc2 Rxd4 27. exd4 Re8 28. Rd1 h5 29. d5 Qd6 30. Qd2 b5 31. axb5 axb5 32. Qg5 g6 33. Qd2 Re5 34. Kf1 Kh7 35. Qd4 Re8 36. Qa7 Re7 37. Qd4 Qh2 38. f3 Qd6 39. Re1 Rxe1+ 40. Kxe1 Qg3+ 41. Kf1 Qd6 42. f4 Kg8 43. Qe5 Qa6 44. d6 Qa1+ 45. Kf2 Qxb2+ 46. Kf3 Qd2 47. Qe8+ Kg7 48. d7 Qxc3+ 49. Qe3 Qf6 50. Qe5 Qxe5 51. fxe5 c3 52. d8Q c2 53. Qc7 c1Q 54. Qxc1 1-0

[Event "Titled Tuesday intern op 1st Jan"]
[Site "Chess.com INT"]
[Date "2019.01.01"]
[Round "5"]
[White "Perelshteyn, Mikhail"]
[Black "Horvath, Dominik"]
[Result "1-0"]
[WhiteElo "2386"]
[BlackElo "2417"]
[PlyCount "81"]
[EventDate "2019.01.01"]
[EventType "swiss (blitz)"]
[EventRounds "10"]
[EventCountry "USA"]
[SourceTitle "EXT 2021"]
[Source "ChessBase"]
[SourceDate "2020.10.23"]
[SourceVersion "1"]
[SourceVersionDate "2020.10.23"]
[SourceQuality "1"]

1. Nf3 d5 2. g3 g6 3. Bg2 Bg7 4. 0-0 e5 5. d3 Ne7 6. c4 c6 7. Nc3 0-0 8. cxd5 cxd5 9. d4 e4 10. Ne5 Nbc6 11. Nxc6 Nxc6 12. e3 h5 13. f3 h4 14. fxe4 dxe4 15. Nxe4 hxg3 16. Nxg3 Qh4 17. Qf3 Bg4 18. Qf2 Rad8 19. Ne4 Qxf2+ 20. Nxf2 Be2 21. Re1 Bc4 22. a3 Na5 23. Bd2 Nb3 24. Rad1 Rfe8 25. Bc3 f5 26. Bxb7 Bh6 27. e4 fxe4 28. Rxe4 Rxe4 29. Bxe4 Be3 30. Kg2 Re8 31. Ng4 Bg5 32. Bf3 Be2 33. Re1 Bxf3+ 34. Kxf3 Rxe1 35. Bxe1 Nxd4+ 36. Ke4 Nb3 37. Bf2 Bc1 38. Kd3 a5 39. a4 Bxb2 40. Kc2 Nc5 41. Bxc5 1-0

[Event "Internet Section 14-A"]
[Site "Dos Hermanas"]
[Date "2003.03.14"]
[Round "9"]
[White "Perelshteyn, Mikhail"]
[Black "Kahn, Evarth"]
[Result "1/2-1/2"]
[WhiteElo "2386"]
[BlackElo "2325"]
[PlyCount "137"]
[EventDate "2003.03.14"]
[EventType "swiss (blitz)"]
[EventRounds "9"]
[EventCountry "ESP"]
[SourceTitle "EXT 2004"]
[Source "ChessBase"]
[SourceDate "2003.11.25"]
[SourceVersion "1"]
[SourceVersionDate "2003.11.25"]
[SourceQuality "1"]

1. c4 Nf6 2. Nc3 g6 3. g3 Bg7 4. Bg2 0-0 5. Nf3 c6 6. 0-0 d6 7. d3 e5 8. Bg5 h6 9. Bxf6 Qxf6 10. Rb1 Qe7 11. b4 Kh7 12. b5 f5 13. bxc6 bxc6 14. Qc2 Be6 15. Nd2 Qc7 16. Qa4 e4 17. Rfc1 exd3 18. exd3 f4 19. Nce4 Nd7 20. Nf3 Bg4 21. c5 d5 22. Ned2 Rae8 23. Qa6 fxg3 24. hxg3 Rb8 25. d4 Bxf3 26. Nxf3 Rxf3 27. Bxf3 Bxd4 28. Kg2 Rxb1 29. Rxb1 Nxc5 30. Qe2 Qe5 31. Qxe5 Bxe5 32. Re1 Bg7 33. Re7 Nd3 34. Kf1 a5 35. Rc7 a4 36. a3 h5 37. Bd1 Nb2 38. Bc2 d4 39. Ke2 Kg8 40. Bxg6 Bf8 41. Rxc6 Bxa3 42. Bxh5 d3+ 43. Ke3 Bb4 44. Rc1 d2 45. Ra1 Bc3 46. Be2 Kg7 47. f4 Nc4+ 48. Bxc4 Bxa1 49. Kxd2 a3 50. Ke3 Kg6 51. g4 Bb2 52. Ke4 Kg7 53. Kf5 Bc3 54. g5 Bd2 55. Kg4 Be1 56. f5 Bc3 57. Kf3 Bb2 58. Ke4 Bc1 59. f6+ Kg6 60. f7 Kg7 61. Kf5 Bb2 62. Ke6 Kf8 63. g6 Bg7 64. Ba2 Bb2 65. Kf5 Ba1 66. Kg5 Bb2 67. Kh6 Bg7+ 68. Kh7 Bb2 69. g7+ 1/2-1/2

[Event "US Open-102"]
[Site "Framingham"]
[Date "2001.08.11"]
[Round "8"]
[White "Rensch, Daniel"]
[Black "Perelshteyn, Mikhail"]
[Result "0-1"]
[WhiteElo "2208"]
[BlackElo "2370"]
[PlyCount "104"]
[EventDate "2001.08.04"]
[EventType "swiss"]
[EventRounds "9"]
[EventCountry "USA"]
[SourceTitle "CBM 083 Extra"]
[Source "ChessBase"]
[SourceDate "2001.09.11"]
[SourceVersion "1"]
[SourceVersionDate "2001.09.11"]
[SourceQuality "1"]

1. d4 c5 2. Nf3 cxd4 3. Nxd4 g6 4. e4 Bg7 5. Be3 Nf6 6. Nc3 Nc6 7. Be2 d6 8. 0-0 0-0 9. Nb3 a5 10. a4 Be6 11. f3 Bxb3 12. cxb3 Nb4 13. Qd2 d5 14. Nxd5 Nfxd5 15. exd5 Qxd5 16. Qxd5 Nxd5 17. Bc5 Rfc8 18. Ba3 Rc2 19. Bd3 Rc7 20. Rfc1 Rac8 21. Rc4 Bh6 22. g3 Ne3 23. Rxc7 Rxc7 24. Kf2 Rd7 25. Ke2 Nf5 26. Bxf5 Rd2+ 27. Ke1 gxf5 28. Rd1 Rxh2 29. Rd8+ Kg7 30. Bxe7 Be3 31. Rd6 Bc5 32. Rd7 Bf2+ 33. Kf1 Bxg3 34. Rxb7 h5 35. Rb5 f4 36. b4 axb4 37. Bxb4 h4 38. Bc3+ f6 39. Rh5 h3 40. Bd4 Rh1+ 41. Ke2 h2 42. a5 Kg6 43. Rh3 Re1+ 44. Kd3 h1Q 45. Rxh1 Rxh1 46. a6 Kf5 47. b4 Ke6 48. a7 Rh8 49. b5 Kd5 50. Bxf6 Ra8 51. b6 Kc6 52. Bd4 Be1 0-1

[Event "US Open-102"]
[Site "Framingham"]
[Date "2001.08.10"]
[Round "7"]
[White "Perelshteyn, Mikhail"]
[Black "Wojtkiewicz, Aleksander"]
[Result "1/2-1/2"]
[WhiteElo "2370"]
[BlackElo "2568"]
[PlyCount "35"]
[EventDate "2001.08.04"]
[EventType "swiss"]
[EventRounds "9"]
[EventCountry "USA"]
[SourceTitle "CBM 083 Extra"]
[Source "ChessBase"]
[SourceDate "2001.09.11"]
[SourceVersion "1"]
[SourceVersionDate "2001.09.11"]
[SourceQuality "1"]

1. c4 c5 2. Nf3 g6 3. g3 Bg7 4. Bg2 Nc6 5. 0-0 e5 6. Nc3 Nge7 7. a3 a5 8. e3 0-0 9. d4 cxd4 10. exd4 exd4 11. Nb5 d5 12. cxd5 Nxd5 13. Nfxd4 Nxd4 14. Nxd4 Qb6 15. Bxd5 Bxd4 16. Bh6 Bh3 17. Qf3 Bxf1 18. Bxf8 1/2-1/2

[Event "US Open-96"]
[Site "Concord"]
[Date "1995.??.??"]
[Round "10"]
[White "Perelshteyn, Mikhail"]
[Black "Seferjan, Narek"]
[Result "1/2-1/2"]
[WhiteElo "2380"]
[BlackElo "2310"]
[PlyCount "29"]
[EventDate "1995.08.06"]
[EventType "swiss"]
[EventRounds "12"]
[EventCountry "USA"]
[SourceTitle "EXT 2001"]
[Source "ChessBase"]
[SourceDate "2000.11.22"]
[SourceVersion "1"]
[SourceVersionDate "2000.11.22"]
[SourceQuality "1"]

1. Nf3 Nf6 2. c4 e6 3. d4 Bb4+ 4. Bd2 c5 5. Bxb4 cxb4 6. g3 b6 7. Bg2 Bb7 8. 0-0 0-0 9. a3 bxa3 10. Rxa3 d6 11. b4 Nbd7 12. Nbd2 Qc7 13. Qb3 a5 14. bxa5 Rxa5 15. Rfa1 1/2-1/2

[Event "Calimanesti"]
[Site "Calimanesti"]
[Date "1993.??.??"]
[Round "?"]
[White "Krogius, Nikolai V"]
[Black "Perelshteyn, Mikhail"]
[Result "1/2-1/2"]
[WhiteElo "2465"]
[BlackElo "2360"]
[PlyCount "63"]
[EventDate "1993.??.??"]
[EventType "tourn"]
[EventRounds "11"]
[EventCountry "ESP"]
[SourceTitle "EXT 2010"]
[Source "ChessBase"]
[SourceDate "2010.11.25"]
[SourceVersion "1"]
[SourceVersionDate "2010.11.25"]
[SourceQuality "1"]

1. d4 Nf6 2. c4 g6 3. Nf3 Bg7 4. g3 0-0 5. Bg2 d6 6. 0-0 Nc6 7. Nc3 a6 8. d5 Na5 9. Nd2 c5 10. Qc2 Rb8 11. b3 b5 12. Bb2 bxc4 13. bxc4 Rb4 14. Nd1 Bg4 15. Re1 Qd7 16. Bc3 Qa4 17. Qxa4 Rxa4 18. Nb2 Ra3 19. Nb1 Rxc3 20. Nxc3 Nd7 21. Nba4 Nb6 22. Rab1 Nbxc4 23. Rec1 Bh6 24. e3 Bf5 25. Be4 Bxe4 26. Nxe4 Nxe3 27. fxe3 Bxe3+ 28. Kf1 Bxc1 29. Rxc1 Rb8 30. Nd2 Rb4 31. Nc3 Rb2 32. Ke1 1/2-1/2

[Event "Katowice op"]
[Site "Katowice"]
[Date "1992.??.??"]
[Round "7"]
[White "Perelshteyn, Mikhail"]
[Black "Savon, Vladimir A"]
[Result "1/2-1/2"]
[WhiteElo "2370"]
[BlackElo "2440"]
[PlyCount "46"]
[EventDate "1992.01.28"]
[EventType "swiss"]
[EventRounds "9"]
[EventCountry "POL"]
[SourceTitle "TD"]
[Source "ChessBase"]
[SourceDate "1994.03.01"]
[SourceVersion "1"]
[SourceVersionDate "1994.03.01"]
[SourceQuality "1"]

1. c4 e5 2. Nc3 Nf6 3. Nf3 Nc6 4. g3 d5 5. cxd5 Nxd5 6. Bg2 Nb6 7. d3 Be7 8. a3 0-0 9. 0-0 Re8 10. b4 Bf8 11. Bb2 a5 12. b5 Nd4 13. Nxd4 exd4 14. Na4 Bg4 15. Re1 Rb8 16. Nxb6 cxb6 17. Qd2 Qd7 18. Qf4 Rbd8 19. Bxb7 Qxb5 20. Bxd4 Bxe2 21. Rab1 Qxd3 22. Bxb6 Rd6 23. Qa4 Rde6 1/2-1/2

[Event "Budapest Spring op 06th"]
[Site "Budapest"]
[Date "1990.??.??"]
[Round "2"]
[White "Badea, Bela"]
[Black "Perelshteyn, Mikhail"]
[Result "1/2-1/2"]
[WhiteElo "2495"]
[BlackElo "2315"]
[PlyCount "27"]
[EventDate "1990.03.??"]
[EventType "swiss"]
[EventRounds "9"]
[EventCountry "HUN"]
[SourceTitle "CBM 017 Extra"]
[Source "ChessBase"]
[SourceDate "1990.09.01"]
[SourceVersion "1"]
[SourceVersionDate "1990.09.01"]
[SourceQuality "1"]

1. c4 Nf6 2. Nc3 g6 3. Nf3 Bg7 4. g3 0-0 5. Bg2 d6 6. d4 Nc6 7. 0-0 a6 8. h3 Rb8 9. Be3 Bd7 10. Rc1 b5 11. b3 bxc4 12. bxc4 Na5 13. Nd2 Rb4 14. Rb1 1/2-1/2

[Event "Moscow2"]
[Site "Moscow"]
[Date "1989.??.??"]
[Round "?"]
[White "Perelshteyn, Mikhail"]
[Black "Ageichenko, Genadi A"]
[Result "1/2-1/2"]
[WhiteElo "2325"]
[BlackElo "2340"]
[PlyCount "23"]
[EventDate "1989.05.??"]
[EventType "tourn"]
[EventRounds "12"]
[EventCountry "URS"]
[EventCategory "3"]
[SourceTitle "EXT 1997"]
[Source "ChessBase"]
[SourceDate "1996.11.15"]
[SourceVersion "1"]
[SourceVersionDate "1996.11.15"]
[SourceQuality "1"]

1. d4 Nf6 2. c4 e6 3. Nf3 b6 4. g3 Ba6 5. Qc2 c5 6. Bg2 Nc6 7. dxc5 Bxc5 8. Qa4 Bb4+ 9. Bd2 Bxd2+ 10. Nfxd2 Bb7 11. Nc3 0-0 12. 0-0 1/2-1/2

[Event "Moscow2"]
[Site "Moscow"]
[Date "1989.??.??"]
[Round "?"]
[White "Perelshteyn, Mikhail"]
[Black "Gyozalyan, Tigran"]
[Result "1-0"]
[WhiteElo "2325"]
[BlackElo "2360"]
[PlyCount "77"]
[EventDate "1989.05.??"]
[EventType "tourn"]
[EventRounds "12"]
[EventCountry "URS"]
[EventCategory "3"]
[SourceTitle "EXT 1997"]
[Source "ChessBase"]
[SourceDate "1996.11.15"]
[SourceVersion "1"]
[SourceVersionDate "1996.11.15"]
[SourceQuality "1"]

1. c4 Nf6 2. Nc3 g6 3. g3 Bg7 4. Bg2 d6 5. Nf3 0-0 6. 0-0 Nc6 7. d3 e5 8. Rb1 Ne8 9. b4 h6 10. b5 Ne7 11. Qb3 f5 12. Nd2 Kh7 13. Ba3 Rb8 14. Bb4 Be6 15. Qa3 c5 16. bxc6 Nxc6 17. Nd5 Rf7 18. Bc3 Nf6 19. Nb4 Nxb4 20. Bxb4 d5 21. Bd6 Bf8 22. Bxf8 Qxf8 23. Qxa7 dxc4 24. Qb6 c3 25. Qxe6 cxd2 26. Rfd1 Re8 27. Qb6 e4 28. Rxd2 f4 29. dxe4 fxg3 30. fxg3 Nxe4 31. Rc2 Qg7 32. Qb2 Qf8 33. Qb4 Qxb4 34. Rxb4 Nd6 35. Rd2 Rc8 36. Rf4 Rc1+ 37. Kf2 Rxf4+ 38. gxf4 Nf5 39. Rd7+ 1-0

[Event "Moscow2"]
[Site "Moscow"]
[Date "1989.??.??"]
[Round "?"]
[White "Perelshteyn, Mikhail"]
[Black "Lipman, Vladimir"]
[Result "1-0"]
[WhiteElo "2325"]
[BlackElo "2285"]
[PlyCount "65"]
[EventDate "1989.05.??"]
[EventType "tourn"]
[EventRounds "12"]
[EventCountry "URS"]
[EventCategory "3"]
[SourceTitle "EXT 1997"]
[Source "ChessBase"]
[SourceDate "1996.11.15"]
[SourceVersion "1"]
[SourceVersionDate "1996.11.15"]
[SourceQuality "1"]

1. Nf3 Nf6 2. c4 e6 3. d4 Bb4+ 4. Bd2 a5 5. Qc2 d5 6. a3 Bxd2+ 7. Nbxd2 a4 8. g3 0-0 9. Bg2 Nc6 10. 0-0 dxc4 11. Qxc4 Qd5 12. Rac1 Rd8 13. e3 Qa5 14. Rfd1 h6 15. Qc2 Bd7 16. Nc4 Qb5 17. Bf1 Qh5 18. Nfe5 Be8 19. Be2 Qh3 20. Bf1 Qh5 21. h3 Qf5 22. Qxf5 exf5 23. Nxc6 bxc6 24. Ne5 Rab8 25. Nxc6 Bxc6 26. Rxc6 Rxb2 27. Rdc1 Ne4 28. R1c2 Rb3 29. Ra2 Nc3 30. Ra1 Rb1 31. Rxb1 Nxb1 32. Bd3 Nxa3 33. Rc3 1-0